Las relaciones entre Chile e Israel, 1973-1990 la conexión oculta /

में बचाया:
ग्रंथसूची विवरण
मुख्य लेखक: Harvey Parada, Hugo
स्वरूप: इलेक्ट्रोनिक ई-पुस्तक
भाषा:स्पेनिश
प्रकाशित: Santiago de Chile: Providencia, Santiago de Chile: Editorial USACH, Doctorado en Estudios Americanos; RIL editores, 2011.
संस्करण:1. ed.
श्रृंखला:Bibliodiversidad.
Digitalia eBook Collection: Ril Editores
विषय:
ऑनलाइन पहुंच:Digitalia Hispánica
टैग: टैग जोड़ें
कोई टैग नहीं, इस रिकॉर्ड को टैग करने वाले पहले व्यक्ति बनें!

MARC

LEADER 00000nam a2200000Ia 4500
001 DIGRILEDIT0132
003 NyNyDIG
006 m d
007 cr |||||||||||
008 140101s2011 cl a ob 000 0 spa
020 |z 9789562848121 (pbk.) 
020 |z 9562848124 (pbk.) 
040 |a DGITA  |b eng  |e pn  |c DGITA 
043 |a s-cl---  |a a-is--- 
050 4 |a F3083.5.I75 ebook 
100 1 |a Harvey Parada, Hugo. 
245 1 4 |a Las relaciones entre Chile e Israel, 1973-1990   |h [electronic resource] :  |b la conexión oculta /  |c Hugo Harvey Parada. 
250 |a 1. ed. 
260 |a Santiago de Chile:  |b Editorial USACH, Doctorado en Estudios Americanos;   |a Providencia, Santiago de Chile:  |b RIL editores,  |c 2011.  |e (New York, NY. :  |f Digitalia Inc,   |g 2012). 
300 |a 1 online resource (314 p.) :  |b ill. 
490 1 |a Bibliodiversidad. 
504 |a Includes bibliographical references (p. 269-275). 
506 |a Access restricted to subscribing institutions. 
651 0 |a Chile  |x Relations  |z Israel. 
651 0 |a Israel  |x Relations  |z Chile. 
650 0 |a Jews  |z Chile. 
650 0 |a Palestinian Arabs  |z Chile. 
655 0 |a Electronic books. 
791 2 |a Digitalia (Firm),  |e distributor. 
830 0 |a Bibliodiversidad. 
830 0 |a Digitalia eBook Collection: Ril Editores 
856 4 0 |3 Digitalia Hispánica  |u https://digitalia.unach.elogim.com/a/19148/